000 00825nam a2200241 a 4500
001 BRCA_7322
005 20190320205808.0
008 110712s1915----nyua######---#000-0#eng-#
041 _aeng
044 _anyu
050 4 _aDC137.15
_b.F98 1915
100 1 _aFunck-Brentano, Frantz
_d1862-1947
_918108
245 1 0 _aCagliostro and Company
_ba sequel to the story of the diamond necklace
_cby Frantz Funck-Brentano ; translated by George Maidment.
260 _aNueva York
_bBrentano´s
_c1915
300 _a256 p.
_bil.
_c18 cm.
500 _aEdición con canto de cabeza dorado
500 _aEstado físico: lomo deteriorado de la parte superior e inferior
500 _aN15
650 1 4 _aCaso del collar de diamantes
_y1785
_zFrancia
_918109
700 1 _aMaidment, George
_etr.
_918110
902 _aGFM
942 _2lcc
_cB
999 _c6998
_d6998